Fundamentals of digital logic and microcomputer design
Wedi'i Gadw mewn:
| Prif Awdur: | |
|---|---|
| Fformat: | Sách |
| Iaith: | Undetermined |
| Cyhoeddwyd: |
J. Wiley & Sons
2005
|
| Pynciau: | |
| Tagiau: |
Ychwanegu Tag
Dim Tagiau, Byddwch y cyntaf i dagio'r cofnod hwn!
|
| Thư viện lưu trữ: | Trung tâm Thư viện - Trường Đại học Công nghiệp TP. Hồ Chí Minh |
|---|
| LEADER | 00547nam a2200157Ia 4500 | ||
|---|---|---|---|
| 001 | UIH_04044 | ||
| 008 | 231011s9999 xx 000 0 und d | ||
| 082 | |a 621.395 | ||
| 100 | |a Rafiquzzaman, Mohamed | ||
| 245 | 0 | |a Fundamentals of digital logic and microcomputer design | |
| 245 | 0 | |c Rafiquzzaman, Mohamed | |
| 260 | |b J. Wiley & Sons | ||
| 260 | |c 2005 | ||
| 650 | |a Máy vi tính; Máy tính điện tử số; | ||
| 927 | |a Sách | ||
| 980 | |a Trung tâm Thư viện - Trường Đại học Công nghiệp TP. Hồ Chí Minh | ||